ბათუმის შოთა რუსთაველის სახელმწიფო უნივერსიტეტის ბიბლიოთეკა

საქმიანი ურთიერთობების კულტურა (ბიბ.ჩანაწერი № 52546)

000 -LEADER
fixed length control field 00838nam a2200229Ia 4500
001 - CONTROL NUMBER
control field 19570
003 - CONTROL NUMBER IDENTIFIER
control field GE_BSU
008 - FIXED-LENGTH DATA ELEMENTS--GENERAL INFORMATION
fixed length control field 181216s||||||||xx |||||||||||||| ||und||
040 ## - CATALOGING SOURCE
Transcribing agency GE_BSU
080 ## - UNIVERSAL DECIMAL CLASSIFICATION NUMBER
Universal Decimal Classification number 005.575
100 ## - MAIN ENTRY--PERSONAL NAME
Personal name ხიზანიშვილი, ს., ყულიჯანაშვილი, ა. წიქარიძე, ლ.
245 ## - TITLE STATEMENT
Title საქმიანი ურთიერთობების კულტურა
245 ## - TITLE STATEMENT
Statement of responsibility, etc. საერთო რედ. რ. ჯორბენაძე
260 ## - PUBLICATION, DISTRIBUTION, ETC.
Place of publication, distribution, etc. თბილისი
260 ## - PUBLICATION, DISTRIBUTION, ETC.
Date of publication, distribution, etc. 2007
300 ## - PHYSICAL DESCRIPTION
Extent 207გვ.
653 ## - INDEX TERM--UNCONTROLLED
Uncontrolled term ბიბლიოთეკარი
653 ## - INDEX TERM--UNCONTROLLED
Uncontrolled term საქმიანი ურთიერთობების კულტურა
653 ## - INDEX TERM--UNCONTROLLED
Uncontrolled term ქსეროქსი
942 ## - ADDED ENTRY ELEMENTS (KOHA)
Koha item type წიგნი
ეგზემპლარები
Withdrawn status Lost status Damaged status Not for loan Date acquired Barcode Date last seen Price effective from Koha item type Public note
        2018-12-17 00390 ქსეროქსი 2018-12-17 2018-12-17 წიგნი ქსეროქსი